000 00415nam a2200145Ia 4500
008 100415s9999 xx 000 0 und d
082 _b14679
_a581.3
100 _aLundegardh Henrik
245 _aEnvironment and Plant Development
260 _aLONDON
_c1931
_bEDWARD ARNOLD AND CO.
365 _b0
630 _aEnvironment and Plant Development
730 _aEnvironment and Plant Development
942 _cBOOK
999 _c597577
_d597574